Eurostat yearbook 2000 <a> statistical eye on Europe - data 1988-1998
Na minha lista:
| Autor Corporativo: | |
|---|---|
| Formato: | Livro |
| Idioma: | inglês |
| Publicado em: |
Luxembourg
Office des publications officielles des Communautés européennes
2000
|
| Edição: | 5. ed. |
| Assuntos: | |
| Tags: |
Sem tags, seja o primeiro a adicionar uma tag!
|
MARC
| LEADER | 00000nam a2200000 4500 | ||
|---|---|---|---|
| 001 | c123739 | ||
| 005 | 20231114123420.9 | ||
| 020 | |a 92-828-8306-X | ||
| 041 | 0 | |a eng | |
| 044 | |a LU | ||
| 245 | 1 | 0 | |a Eurostat yearbook 2000 |b <a> statistical eye on Europe - data 1988-1998 |
| 250 | |a 5. ed. | ||
| 264 | 1 | |a Luxembourg |b Office des publications officielles des Communautés européennes |c 2000 | |
| 300 | |a 533 s. | ||
| 610 | 2 | 0 | |a Európska únia |
| 610 | 2 | 0 | |a Európske spoločenstvá |
| 610 | 2 | 0 | |a údaje štatistické |
| 610 | 2 | 0 | |a údaje štatistické medzinárodné |
| 610 | 2 | 0 | |a 1988-1998 |
| 710 | 2 | |a Eurostat | |